000 00714nam a2200241 a 4500
001 BRCA_5343
005 20190320205035.0
008 061210s1925----gw-a######---#000-0#ger-#
041 _ager
044 _agw
050 4 _aND809
_b.R53 1925
100 1 _aRichert, Gertrud
_913700
245 1 0 _aMittelalteriche Malerei in Spanien
_bkatalinische Wand-und Tafel-malerein
_cGertrud Richert.
260 _aBerlín
_bErnst Wasmuth
_c1925
300 _a76 p.
_bil.
_c29 cm.
500 _aIncluye índice de ilustraciones
500 _aE108
650 1 4 _aPintura
_zCataluña, España
_913701
650 1 4 _aPintura medieval
_911875
650 1 4 _aPintura y decoración
_xMurales
_913702
902 _aGFM
942 _2lcc
_cB
999 _c5037
_d5037